000 00472nam a22001817a 4500
003 UA-OsUOA
001 56631
007 ta
008 20081105b un ||||| |||| 00| 0 ukr d
100 _aПтголь Петр (Игумен)
090 _bП32
942 _cBK
040 _aUA-OsUOA
_cUA-OsUOA
_dUA-OsUOA
245 _aПреподобный Григорий Синаит и его духовные преемники
955 _a4
260 _aМ.
650 7 _2UDC
999 _c342714
_d342714